| 000 | 00636nam a2200241Ia 4500 | ||
|---|---|---|---|
| 001 | dia_2278 | ||
| 003 | CHAP | ||
| 005 | 20221010120402.0 | ||
| 008 | 220117sS.A. xx 000 0 und d | ||
| 010 | _a172798 | ||
| 040 | _cCHAP | ||
| 082 | _a641.452 V8 | ||
| 100 |
_aVeith, H. _9152511 |
||
| 245 |
_aLes Pompes A´ chalevr / _c por H. Veith, G.Wisniewsky, and G.H. Burk |
||
| 260 |
_aParís : _b S.N., _cS.A. |
||
| 300 | _a141 p. | ||
| 650 | _a1.Frigoríficos. | ||
| 901 | _a641.452 V8 | ||
| 902 | _aM | ||
| 905 | _a000000S.A. PARA 0000000000FRA00 | ||
| 942 |
_cLIBRO _2ddc |
||
| 942 |
_cLIBRO _2ddc |
||
| 999 |
_c172798 _d172798 |
||